Temporary / Ephemeral States of the Russian Civil War - Statistics

General Stats
  • This quiz has been taken 115 times
  • The average score is 8 of 30
Answers on the Map
Answers color-coded by a green-red scale on the quiz's map according to % correct below.
 
Answer Stats
Answer % Correct
Crimea
86%
Don Republic
74%
Kuban People's Republic
66%
Courland
54%
Emirate of Bukhara
44%
Alash Autonomy
42%
Far-Eastern Republic
38%
Khiva
36%
Mountainous Republic of the Northern Caucasus
35%
Odessa Soviet Republic
32%
The Free Territory
32%
Confederated Republic of Altai
26%
Green "Ukraine"
25%
Idel-Ural State
25%
Kars Republic
24%
Lemko
24%
Baltic Duchy
22%
Galician Soviet Republic
18%
Gilan Soviet Republic
14%
Republic of Aras
12%
Uhtua
11%
Basmachi
9%
North Caucasian Emirate
9%
East Lemko
8%
Finnish Socialist Workers' Republic
8%
Hutsul Republic
8%
Mughan
7%
North Ingria
7%
Centrocaspian Dictatorship
6%
Soviet Republic of Soldiers and Fortress-Builders of Naissaar
5%
No matching quizzes found
Score Distribution
Percent of People with Each Score
Percentile by Number Answered
Your Score History
You have not taken this quiz